| 000 | 01213nac a22003857a 4500 | ||
|---|---|---|---|
| 001 | BR9903967 | ||
| 003 | BR-BrBNA | ||
| 005 | 20240105122251.0 | ||
| 008 | 230509b bl.|||m| |||| 00| 0 por d | ||
| 040 |
_aBR-BrBNA _bpor _cBiblioteca Nacional de Agricultura |
||
| 072 | _aP35 | ||
| 090 | _aP35 BR9903967 | ||
| 100 | 1 | _aRamalho, J.F.G.P. | |
| 100 | 1 | _aAmaral Sobrinho, N.M.B. | |
| 100 | 1 | _aVelloso, A.C.X. | |
| 100 | 1 | _aSilva, F.C. da | |
| 110 | 1 |
_aCentro Nacional de Pesquisa de Solos, Rio de Janeiro, RJ (Brasil) _91803 |
|
| 245 | 1 | _aAcumulacao de metais pesados pelo uso de insumos agricolas na microbacia de Caetes, Paty do Alferes, RJ | |
| 260 | 3 |
_aRio de Janeiro (Brasil): _c1997. |
|
| 300 | _a22 p. | ||
| 490 |
_aBoletim de Pesquisa - Centro Nacional de Pesquisa de Solos (Brazil) _vno. 5 _xISSN 1415-3750 |
||
| 500 | _aSummaries (En, Pt); 25 ref.; 6 tables; 7 illus. | ||
| 650 | _aSolo | ||
| 650 | _aContaminacao | ||
| 650 | _aMetal Pesado | ||
| 650 | _aSedimento | ||
| 650 | _aHortalica | ||
| 650 | _aTomate | ||
| 650 | _aPimentao | ||
| 650 | _aRepolho | ||
| 650 | _aPepino | ||
| 650 | _aVagem | ||
| 909 |
_a202312 _bLúcia Elande _c55 _dLúcia Elande |
||
| 942 |
_2AGRIS _n0 _cMS |
||
| 999 |
_c290113 _d290113 |
||